| 000 | 00909nam a2200229 a 4500 | ||
|---|---|---|---|
| 008 | 120416s2000 ||||||||||||||||| || u | ||
| 020 | _a0521780195 | ||
| 050 | _aQA 433 CRI | ||
| 100 | _aShawe-Taylor, John | ||
| 245 | 1 | 3 | _aAn introduction to support vector machines and other kernel-based learning methods |
| 260 |
_aCambridge _bCambridge University Press _c2000 |
||
| 300 | _axiii, 189 p. : ill. (some col.) | ||
| 350 | _a0.00 | ||
| 650 | _aKernel functions | ||
| 650 | _aTEXTBOOKS | ||
| 650 | 0 | _aMATHEMATICS--HANDBOOKS, MANUALS, ETC | |
| 650 | 0 | _aMACHINE LEARNING | |
| 700 | _aCristianini, Nello | ||
| 856 | _uhttp://www.loc.gov/catdir/toc/cam027/99054716.html | ||
| 856 | _uhttp://www.loc.gov/catdir/description/cam0210/99054716.html | ||
| 995 |
_D0.00 _FCBU-MAIN LIBRARY (Kitwe) _H1 _I33.95 _M1 _UAVAILABLE _ZAnnex Low-Usage Collection |
||
| 999 |
_c48018 _d48018 |
||